Education in Varanasi, 1904-1947 (in Hindi) (Record no. 13266)
[ view plain ]
| 000 -LEADER | |
|---|---|
| fixed length control field | 00367nam a2200133Ia 4500 |
| 082 ## - DEWEY DECIMAL CLASSIFICATION NUMBER | |
| Classification number | TV.0087 |
| 100 ## - MAIN ENTRY--AUTHOR NAME | |
| Personal name | Vyas, Veena |
| 245 #0 - TITLE STATEMENT | |
| Title | Education in Varanasi, 1904-1947 (in Hindi) |
| 260 ## - PUBLICATION, DISTRIBUTION, ETC. (IMPRINT) | |
| Year of publication | 1975 |
| Name of publisher | Banaras Hindu University |
| 300 ## - PHYSICAL DESCRIPTION | |
| Number of Pages | 601p. + C D -8 |
| 650 ## - SUBJECT ADDED ENTRY--TOPICAL TERM | |
| Form subdivision | EDUCATION - UTTAR PRADESH - VARANASI - 1904-1947 |
| 710 ## - ADDED ENTRY--CORPORATE NAME | |
| Corporate name or jurisdiction name as entry element | Bhatnagar, G.D. |
| 942 ## - ADDED ENTRY ELEMENTS (KOHA) | |
| Koha item type | Thesis |
| Source of classification or shelving scheme | Dewey Decimal Classification |
| Withdrawn status | Lost status | Damaged status | Not for loan | Home library | Current library | Date acquired | Full call number | Accession Number | Price effective from | Koha item type |
|---|---|---|---|---|---|---|---|---|---|---|
| NASSDOC Library | NASSDOC Library | 08/10/2004 | TV.0087 | 9369 | 18/04/2019 | Thesis |
